000 00683nam a2200193 a 4500
001 000045441
005 20250221073755.0
008 100203s2009 dr a 000 0 spa d
040 _aDO-SdBNP
_bspa
_cBNPHU
082 _a317.293
_bR426d
245 0 0 _aRepública Dominicana en cifras 2009 /
_cpresentación Pablo Tactuk.
260 _aSanto Domingo :
_bONE,
_c2009.
300 _a303 p. :
_bil. ;
_c28 cm.
651 4 _aRepública Dominicana
_xEstadisticas
_934493
651 4 _aRepública Dominicana
_xEstadistica
_97827
651 4 _aRepública Dominicana
_xPoblación
_91423
700 _aTactuk, Pablo
_95774
710 1 _aRepública Dominicana.
_bOficina Nacional de Estadística
_95775
999 _c44930
_d44930